| 000 | 00584nam a2200169 i 4500 | ||
|---|---|---|---|
| 001 | 27264 | ||
| 003 | ES-MaACL | ||
| 005 | 20250825113421.0 | ||
| 008 | 030114s1961 sp |||| | spa d | ||
| 110 | 2 |
_aAsociación Católica Nacional de Propagandistas (España) _9170889 |
|
| 245 | 1 | 0 |
_aPanorama del sindicalismo mundial _b: Círculo de Estudios, 1960-1961 / _cAsociación Católica Nacional de Propagandistas. |
| 260 |
_aMadrid : _bEuroamérica, _c[1961] |
||
| 300 |
_a463 p. ; _c18 cm. |
||
| 650 | 0 | 4 |
_aSindicalismo _917110 |
| 852 |
_aES-MaACL _jC-21045 |
||
| 999 |
_c27264 _d27264 |
||